000 00524nam a2200181Ia 4500
999 _c23369
_d23369
003 OSt
005 20200214110545.0
008 190216s9999||||xx |||||||||||||| ||und||
040 _coclc
082 _a297
_bUSM/R
100 _aUsman, Abdul Kareem
_91980
245 0 _aRashtreeya Vyavastha Islamil /
_cAbdul Kareem Usman
250 _a3rd ed.
260 _bIslamic Publishing House,
_c2011.
_aKozhikode:
300 _a143p
650 _aIslamic History
942 _cBK
_2ddc
_h297
_iUSM/R
_k297
_mUSM/R